000 00451nam a22001697a 4500
003 BDDh-ASL
005 20231015031024.0
008 220926s1862 ii ||||| |||| 00| 0 urd d
040 _aBDDh-ASL
_cBDDh-ASL
041 _aurd
082 _a297
_bREF
245 1 0 _aRefahul Muslimeen : / رفاہ المسلمین
260 _aDelhi :
_bMohammadi Press ,
_c1862/1284 H.
300 _a116 p. :
_c25 cm.
650 0 _91652
_aIslam
942 _2ddc
_cBK
999 _c29347
_d29347